Score 0/18 Timer 07:00
1 Play Today
% Correct
SpongeBob SquarePants
97.6%
Game of Thrones
96.4%
The Simpsons
95.9%
The Big Bang Theory
94.8%
South Park
94.6%
Star Trek
94.5%
Dora the Explorer
94.5%
Breaking Bad
92.9%
How I Met Your Mother
85.8%
% Correct
American Dad!
85.5%
Orange is the New Black
83.7%
Sherlock
82.7%
Downton Abbey
80.6%
Seinfeld
79.6%
Doctor Who
77.8%
The Walking Dead
68.3%
Buffy the Vampire Slayer
66.8%
Arrested Development
40%
Remove Ads.
Support Sporcle.
Get the best of Sporcle when you Go Orange. This ad-free experience offers more features, more stats, and more fun while also helping to support Sporcle. Thank you for becoming a member.

You're not logged in!

Compare scores with friends on all Sporcle quizzes.
OR
Log In

Show Comments

Extras

Top Quizzes Today


Score Distribution

Your Account Isn't Verified!

In order to create a playlist on Sporcle, you need to verify the email address you used during registration. Go to your Sporcle Settings to finish the process.

Report this User

Report this user for behavior that violates our Community Guidelines.

Details: